[Event "FIDE WYCC 2016 U18 boys"]
[Site "Khanty Mansiysk"]
[Date "2016.09.22"]
[Round "1.4"]
[White "Rajkovic, Mladen"]
[Black "Bellahcene, Bilel"]
[Result "0-1"]
[WhiteElo "2275"]
[BlackElo "2483"]
[Annotator "Reinhold Goldau"]
[PlyCount "80"]
[EventDate "2016.09.??"]
[EventType "swiss"]
[EventRounds "11"]
[EventCountry "RUS"]
[SourceTitle "Youth Database"]
[Source "CBase R.Goldau"]
[SourceDate "2000.03.01"]
[TimeControl "40/5400+30:1800+30"]

1. e4 {[%emt 0:00:00]} c5 {[%emt 0:00:00]} 2. Nf3 {[%emt 0:00:00]} d6 {[%emt 0:
00:00]} 3. Bb5+ {[%emt 0:00:05]} Nd7 {[%emt 0:00:00]} 4. O-O {[%emt 0:00:53]}
Ngf6 {[%emt 0:00:10]} 5. Re1 {[%emt 0:00:06]} a6 {[%emt 0:00:12]} 6. Bd3 {
[%emt 0:00:08]} b5 {[%emt 0:00:26]} 7. c3 {[%emt 0:01:44]} Bb7 {[%emt 0:04:34]}
8. Bc2 {[%emt 0:01:16]} Qc7 {[%emt 0:02:23]} 9. a4 {[%emt 0:02:53]} Rb8 {
[%emt 0:13:09]} 10. axb5 {[%emt 0:17:01]} axb5 {[%emt 0:00:05]} 11. d4 {
[%emt 0:00:07]} e5 {[%emt 0:19:37]} 12. b4 {[%emt 0:13:01]} c4 {[%emt 0:02:35]}
13. d5 {[%emt 0:09:27]} g6 {[%emt 0:01:20]} 14. Ra5 {[%emt 0:09:42]} Ra8 {
[%emt 0:06:26]} 15. Rxb5 {[%emt 0:00:31]} Be7 {[%emt 0:02:54]} 16. Na3 {
[%emt 0:04:58]} O-O {[%emt 0:02:16]} 17. Qd2 {[%emt 0:08:25]} Rfc8 {[%emt 0:14:
42]} 18. Bb2 {[%emt 0:06:30]} Bd8 {[%emt 0:04:00]} 19. Ra1 {[%emt 0:05:41]} Qb8
{[%emt 0:01:38]} 20. Qe2 {[%emt 0:03:42]} Bb6 {[%emt 0:03:49]} 21. Nxc4 {
[%emt 0:03:05]} Rxa1+ {[%emt 0:01:38]} 22. Bxa1 {[%emt 0:00:01]} Ba6 {[%emt 0:
02:34]} 23. Nxb6 {[%emt 0:00:11]} Bxb5 {[%emt 0:05:03]} 24. Qxb5 Nxb6 {[%emt 0:
01:10]} 25. Nd2 {[%emt 0:06:54]} Qa7 {[%emt 0:02:44]} 26. Qf1 {[%emt 0:00:02]}
Qa3 {[%emt 0:01:35]} 27. Qb1 {[%emt 0:01:46]} Na4 {[%emt 0:03:38]} 28. Bxa4 {
[%emt 0:02:23]} Qxa4 {[%emt 0:00:01]} 29. h3 {[%emt 0:00:24]} Nd7 {[%emt 0:02:
09]} 30. c4 {[%emt 0:01:03]} Qa3 {[%emt 0:02:14]} 31. c5 {[%emt 0:02:39]} dxc5
{[%emt 0:01:36]} 32. bxc5 {[%emt 0:00:25]} Rxc5 {[%emt 0:00:27]} 33. Bb2 {
[%emt 0:00:34]} Qb4 {[%emt 0:00:10]} 34. Nf3 {[%emt 0:00:38]} Rb5 {[%emt 0:00:
42]} 35. Qc1 {[%emt 0:00:05]} Qxb2 {[%emt 0:00:10]} 36. Qc8+ {[%emt 0:00:08]}
Nf8 {[%emt 0:00:03]} 37. d6 {[%emt 0:00:17]} Qb3 {[%emt 0:01:33]} 38. Kh2 {
[%emt 0:00:50]} Qe6 {[%emt 0:00:21]} 39. Qc6 {[%emt 0:00:12]} Qd7 {[%emt 0:00:
09]} 40. Qc4 {[%emt 0:00:00]} Ne6 {[%emt 0:00:00]} 0-1

[Event "FIDE WYCC 2016 U18 boys"]
[Site "Khanty Mansiysk"]
[Date "2016.09.24"]
[Round "3.1"]
[White "Christiansen, Johan Sebastian"]
[Black "Petrosyan, Manuel"]
[Result "1/2-1/2"]
[WhiteElo "2413"]
[BlackElo "2530"]
[Annotator "Reinhold Goldau"]
[PlyCount "67"]
[EventDate "2016.09.??"]
[EventType "swiss"]
[EventRounds "11"]
[EventCountry "RUS"]
[SourceTitle "Youth Database"]
[Source "CBase R.Goldau"]
[SourceDate "2000.03.01"]
[TimeControl "40/5400+30:1800+30"]

1. Nf3 {[%emt 0:00:00]} d5 {[%emt 0:00:43]} 2. d4 {[%emt 0:00:02]} Bf5 {
[%emt 0:01:33]} 3. c4 {[%emt 0:00:06]} e6 {[%emt 0:00:08]} 4. Nc3 {[%emt 0:04:
34]} Nf6 {[%emt 0:00:31]} 5. Nh4 {[%emt 0:00:05]} Be4 {[%emt 0:07:25]} 6. f3 {
[%emt 0:05:37]} Bg6 {[%emt 0:03:21]} 7. Nxg6 {[%emt 0:06:33]} hxg6 {[%emt 0:00:
06]} 8. cxd5 {[%emt 0:06:00]} exd5 {[%emt 0:04:17]} 9. Qb3 {[%emt 0:11:20]} Nc6
{[%emt 0:10:17]} 10. Bg5 {[%emt 0:13:25]} Nxd4 {[%emt 0:17:38]} 11. Qa4+ {
[%emt 0:00:25]} Nc6 {[%emt 0:02:54]} 12. O-O-O {[%emt 0:01:47]} d4 {[%emt 0:17:
11]} 13. e3 {[%emt 0:08:44]} Bd6 {[%emt 0:01:46]} 14. exd4 {[%emt 0:05:20]} O-O
{[%emt 0:03:10]} 15. h4 {[%emt 0:05:24]} Be7 {[%emt 0:01:40]} 16. d5 {[%emt 0:
08:48]} Ne5 {[%emt 0:00:24]} 17. Qd4 {[%emt 0:01:57]} Ned7 {[%emt 0:05:35]} 18.
Bd3 {[%emt 0:01:16]} Re8 {[%emt 0:00:39]} 19. Kb1 {[%emt 0:03:04]} Nh7 {
[%emt 0:05:08]} 20. Bxe7 {[%emt 0:02:07]} Qxe7 {[%emt 0:00:05]} 21. h5 {
[%emt 0:00:27]} Qe5 {[%emt 0:01:26]} 22. Qc4 {[%emt 0:08:07]} Nb6 {[%emt 0:01:
43]} 23. Qb3 {[%emt 0:01:15]} g5 {[%emt 0:04:24]} 24. d6 {[%emt 0:00:09]} Nf6 {
[%emt 0:00:41]} 25. dxc7 {[%emt 0:01:55]} Qxc7 {[%emt 0:00:28]} 26. h6 {
[%emt 0:00:32]} gxh6 {[%emt 0:04:13]} 27. Nb5 {[%emt 0:01:05]} Qe5 {[%emt 0:02:
08]} 28. Nd6 {[%emt 0:00:29]} Re6 {[%emt 0:00:39]} 29. Nf5 {[%emt 0:00:24]} h5
{[%emt 0:00:54]} 30. Nh6+ {[%emt 0:02:18]} Kg7 {[%emt 0:00:00]} 31. Nf5+ {
[%emt 0:00:15]} Kh8 {[%emt 0:00:36]} 32. Nh6 {[%emt 0:01:01]} Kg7 {[%emt 0:02:
19]} 33. Nf5+ {[%emt 0:00:28]} Kh8 {[%emt 0:00:05]} 34. Nh6 1/2-1/2

[Event "FIDE WYCC 2016 U18 boys"]
[Site "Khanty Mansiysk"]
[Date "2016.09.24"]
[Round "3.2"]
[White "Kollars, Dmitrij"]
[Black "Mousavi, Seyed Khalil"]
[Result "1/2-1/2"]
[WhiteElo "2491"]
[BlackElo "2412"]
[Annotator "Reinhold Goldau"]
[PlyCount "76"]
[EventDate "2016.09.??"]
[EventType "swiss"]
[EventRounds "11"]
[EventCountry "RUS"]
[SourceTitle "Youth Database"]
[Source "CBase R.Goldau"]
[SourceDate "2000.03.01"]
[TimeControl "40/5400+30:1800+30"]

1. e4 {[%emt 0:00:00]} e6 {[%emt 0:00:00]} 2. d4 {[%emt 0:00:00]} d5 {[%emt 0:
00:00]} 3. Nc3 {[%emt 0:00:00]} Bb4 {[%emt 0:00:00]} 4. e5 {[%emt 0:00:09]} c5
{[%emt 0:00:05]} 5. a3 {[%emt 0:00:10]} Bxc3+ {[%emt 0:00:07]} 6. bxc3 {
[%emt 0:00:05]} Ne7 {[%emt 0:00:14]} 7. Qg4 {[%emt 0:00:35]} Qc7 {[%emt 0:00:
06]} 8. Bd3 {[%emt 0:00:31]} cxd4 {[%emt 0:00:39]} 9. Ne2 {[%emt 0:00:18]} dxc3
{[%emt 0:04:38]} 10. Qxg7 {[%emt 0:00:35]} Rg8 {[%emt 0:00:08]} 11. Qxh7 {
[%emt 0:00:21]} Qxe5 {[%emt 0:05:45]} 12. h4 {[%emt 0:00:43]} Nbc6 {[%emt 0:05:
53]} 13. Bf4 {[%emt 0:00:50]} Qf6 {[%emt 0:02:51]} 14. Bg5 {[%emt 0:00:36]} Qe5
{[%emt 0:05:13]} 15. f4 {[%emt 0:03:50]} Qd6 {[%emt 0:06:58]} 16. h5 {[%emt 0:
08:17]} Bd7 {[%emt 0:12:16]} 17. h6 {[%emt 0:03:29]} O-O-O {[%emt 0:00:52]} 18.
Qxf7 {[%emt 0:03:21]} Rdf8 {[%emt 0:00:39]} 19. Qh5 {[%emt 0:00:57]} Be8 {
[%emt 0:01:29]} 20. Qh3 {[%emt 0:04:53]} d4 {[%emt 0:12:10]} 21. Ng3 {[%emt 0:
10:05]} Bg6 {[%emt 0:04:57]} 22. h7 {[%emt 0:23:15]} Rh8 {[%emt 0:00:43]} 23.
Bxg6 {[%emt 0:03:34]} Nxg6 {[%emt 0:00:09]} 24. Ne4 {[%emt 0:03:10]} Qd5 {
[%emt 0:04:56]} 25. Nf6 {[%emt 0:01:17]} Nxf4 {[%emt 0:09:53]} 26. Nxd5 {
[%emt 0:02:22]} Nxh3 {[%emt 0:00:15]} 27. Rxh3 {[%emt 0:02:49]} exd5 {[%emt 0:
00:13]} 28. O-O-O {[%emt 0:01:45]} Rf5 {[%emt 0:01:57]} 29. Rh5 {[%emt 0:00:22]
} Ne5 {[%emt 0:01:48]} 30. Rdh1 {[%emt 0:06:14]} Kd7 {[%emt 0:03:32]} 31. Bf6 {
[%emt 0:04:18]} Rxf6 {[%emt 0:00:48]} 32. Rxe5 {[%emt 0:00:04]} Kd6 {[%emt 0:
00:55]} 33. Reh5 {[%emt 0:01:00]} Kc5 {[%emt 0:04:27]} 34. g4 {[%emt 0:05:16]}
Rg6 {[%emt 0:02:31]} 35. g5 {[%emt 0:00:49]} b5 {[%emt 0:02:48]} 36. Rg1 {
[%emt 0:01:43]} a5 {[%emt 0:01:08]} 37. Kb1 {[%emt 0:01:14]} b4 {[%emt 0:00:42]
} 38. Rg3 {[%emt 0:03:51]} b3 {[%emt 0:02:53]} 1/2-1/2

[Event "FIDE WYCC 2016 U18 boys"]
[Site "Khanty Mansiysk"]
[Date "2016.09.24"]
[Round "3.3"]
[White "Saiyn, Zhanat"]
[Black "Hakobyan, Aram"]
[Result "1/2-1/2"]
[WhiteElo "2405"]
[BlackElo "2417"]
[Annotator "Reinhold Goldau"]
[PlyCount "105"]
[EventDate "2016.09.??"]
[EventType "swiss"]
[EventRounds "11"]
[EventCountry "RUS"]
[SourceTitle "Youth Database"]
[Source "CBase R.Goldau"]
[SourceDate "2000.03.01"]
[TimeControl "40/5400+30:1800+30"]

1. d4 {[%emt 0:00:00]} e6 {[%emt 0:00:07]} 2. c4 {[%emt 0:00:00]} Nf6 {[%emt 0:
00:15]} 3. Nc3 {[%emt 0:00:00]} Bb4 {[%emt 0:00:35]} 4. e3 {[%emt 0:00:00]} b6
{[%emt 0:00:56]} 5. Bd3 {[%emt 0:00:07]} Bb7 {[%emt 0:00:22]} 6. Nf3 {[%emt 0:
00:05]} O-O {[%emt 0:00:33]} 7. O-O {[%emt 0:00:08]} c5 {[%emt 0:02:14]} 8. Na4
{[%emt 0:07:46]} cxd4 {[%emt 0:00:41]} 9. exd4 {[%emt 0:01:42]} Bd6 {[%emt 0:
02:35]} 10. Bg5 {[%emt 0:13:05]} h6 {[%emt 0:00:10]} 11. Bh4 {[%emt 0:00:33]}
Be7 {[%emt 0:00:07]} 12. Nc3 {[%emt 0:01:28]} d5 {[%emt 0:06:27]} 13. Bxf6 {
[%emt 0:02:41]} Bxf6 {[%emt 0:00:22]} 14. cxd5 {[%emt 0:00:04]} exd5 {[%emt 0:
06:32]} 15. Ne5 {[%emt 0:03:31]} Nc6 {[%emt 0:07:17]} 16. Nxc6 {[%emt 0:09:14]}
Bxc6 {[%emt 0:00:02]} 17. Bb5 {[%emt 0:17:55]} Bxb5 {[%emt 0:08:44]} 18. Nxb5 {
[%emt 0:00:06]} Qd7 {[%emt 0:00:03]} 19. Nc3 {[%emt 0:00:22]} Rac8 {[%emt 0:07:
06]} 20. Qd3 {[%emt 0:18:26]} Rc4 {[%emt 0:05:10]} 21. Ne2 {[%emt 0:01:10]}
Rfc8 {[%emt 0:03:06]} 22. b3 {[%emt 0:02:53]} Rc2 {[%emt 0:01:38]} 23. Rfc1 {
[%emt 0:00:19]} Bxd4 {[%emt 0:06:06]} 24. Rxc2 {[%emt 0:03:36]} Bxa1 {[%emt 0:
00:10]} 25. Rxc8+ {[%emt 0:01:13]} Qxc8 {[%emt 0:00:01]} 26. g3 {[%emt 0:01:31]
} Qc5 {[%emt 0:05:21]} 27. Nf4 {[%emt 0:01:36]} Bd4 {[%emt 0:12:12]} 28. Qf3 {
[%emt 0:05:03]} Qc2 {[%emt 0:01:36]} 29. Qe2 {[%emt 0:04:53]} Qxe2 {[%emt 0:00:
56]} 30. Nxe2 {[%emt 0:00:05]} Be5 {[%emt 0:00:27]} 31. f3 {[%emt 0:04:33]} Kf8
{[%emt 0:00:15]} 32. Nc1 {[%emt 0:00:21]} Ke7 {[%emt 0:00:16]} 33. Nd3 {
[%emt 0:00:04]} Bd4+ {[%emt 0:00:19]} 34. Kg2 {[%emt 0:00:04]} Ke6 {[%emt 0:00:
26]} 35. Kf1 {[%emt 0:01:50]} Be3 {[%emt 0:00:08]} 36. Kg2 {[%emt 0:00:13]} d4
{[%emt 0:02:19]} 37. Kf1 {[%emt 0:00:18]} Kf5 {[%emt 0:01:20]} 38. Kg2 {
[%emt 0:00:27]} h5 {[%emt 0:00:51]} 39. h3 {[%emt 0:00:08]} g5 {[%emt 0:02:43]}
40. g4+ {[%emt 0:00:00]} hxg4 {[%emt 0:00:00]} 41. hxg4+ {[%emt 0:00:31]} Ke6 {
[%emt 0:00:16]} 42. Kf1 {[%emt 0:00:31]} f5 {[%emt 0:02:46]} 43. gxf5+ {
[%emt 0:00:10]} Kxf5 {[%emt 0:00:01]} 44. Ke2 {[%emt 0:00:09]} g4 {[%emt 0:00:
57]} 45. fxg4+ {[%emt 0:00:03]} Kxg4 {[%emt 0:00:01]} 46. Ne5+ {[%emt 0:00:08]}
Kf5 {[%emt 0:00:14]} 47. Nd3 {[%emt 0:00:03]} Ke4 {[%emt 0:00:03]} 48. Ne1 {
[%emt 0:00:08]} Bg5 {[%emt 0:00:11]} 49. Nd3 {[%emt 0:00:06]} Be3 {[%emt 0:00:
21]} 50. a4 {[%emt 0:01:20]} Bh6 {[%emt 0:01:33]} 51. Nf2+ {[%emt 0:00:06]} Kd5
{[%emt 0:00:02]} 52. Nd3 {[%emt 0:00:29]} Be3 {[%emt 0:00:55]} 53. Kf3 {
[%emt 0:00:19] Ke5 Ke4+} 1/2-1/2

[Event "FIDE WYCC 2016 U18 boys"]
[Site "Khanty Mansiysk"]
[Date "2016.09.24"]
[Round "3.4"]
[White "Vavulin, Maksim"]
[Black "Urazayev, Arystanbek"]
[Result "1-0"]
[WhiteElo "2582"]
[BlackElo "2377"]
[Annotator "Reinhold Goldau"]
[PlyCount "225"]
[EventDate "2016.09.??"]
[EventType "swiss"]
[EventRounds "11"]
[EventCountry "RUS"]
[SourceTitle "Youth Database"]
[Source "CBase R.Goldau"]
[SourceDate "2000.03.01"]
[TimeControl "40/5400+30:1800+30"]

1. e4 {[%emt 0:00:00]} e5 {[%emt 0:00:00]} 2. Nf3 {[%emt 0:00:00]} Nc6 {
[%emt 0:00:00]} 3. Bb5 {[%emt 0:00:00]} a6 {[%emt 0:00:19]} 4. Ba4 {[%emt 0:00:
00]} Nf6 {[%emt 0:00:09]} 5. O-O {[%emt 0:00:10]} Be7 {[%emt 0:00:08]} 6. d3 {
[%emt 0:00:19]} b5 {[%emt 0:00:16]} 7. Bb3 {[%emt 0:00:06]} d6 {[%emt 0:00:04]}
8. a4 {[%emt 0:00:13]} Bd7 {[%emt 0:01:42]} 9. Bd2 {[%emt 0:00:15]} O-O {
[%emt 0:04:12]} 10. axb5 {[%emt 0:00:09]} axb5 {[%emt 0:00:29]} 11. Nc3 {
[%emt 0:00:05]} Nd4 {[%emt 0:11:02]} 12. Nxd4 {[%emt 0:07:01]} exd4 {[%emt 0:
00:39]} 13. Ne2 {[%emt 0:07:36]} c5 {[%emt 0:01:46]} 14. Bg5 {[%emt 0:00:46]}
Be6 {[%emt 0:12:41]} 15. Nf4 {[%emt 0:07:10]} Rxa1 {[%emt 0:15:28]} 16. Qxa1 {
[%emt 0:00:08]} Bxb3 {[%emt 0:00:25]} 17. cxb3 {[%emt 0:00:42]} Ng4 {[%emt 0:
01:08]} 18. Qd1 {[%emt 0:11:35]} Bxg5 {[%emt 0:05:25]} 19. Qxg4 {[%emt 0:00:06]
} Bxf4 {[%emt 0:01:10]} 20. Qxf4 {[%emt 0:00:02]} Qe7 {[%emt 0:06:20]} 21. Qf5
{[%emt 0:11:57]} Ra8 {[%emt 0:07:26]} 22. Qd5 {[%emt 0:06:35]} Ra2 {[%emt 0:03:
58]} 23. b4 {[%emt 0:10:19]} Rxb2 {[%emt 0:04:44]} 24. bxc5 {[%emt 0:00:24]}
dxc5 {[%emt 0:00:38]} 25. g3 {[%emt 0:01:40]} h6 {[%emt 0:08:39]} 26. Ra1 {
[%emt 0:13:32]} Qf6 {[%emt 0:07:23]} 27. Rf1 {[%emt 0:08:20]} Qe7 {[%emt 0:01:
51]} 28. h4 {[%emt 0:08:58]} Qa7 {[%emt 0:01:52]} 29. e5 {[%emt 0:03:59]} Rd2 {
[%emt 0:03:22]} 30. Rc1 {[%emt 0:00:57]} Qa2 {[%emt 0:01:07]} 31. Qxa2 {
[%emt 0:01:12]} Rxa2 {[%emt 0:00:05]} 32. Rxc5 {[%emt 0:00:03]} Rd2 {[%emt 0:
00:43]} 33. Rxb5 {[%emt 0:01:27]} Rxd3 {[%emt 0:00:05]} 34. Rb8+ {[%emt 0:00:
37]} Kh7 {[%emt 0:00:07]} 35. Rf8 {[%emt 0:00:32]} Rd1+ {[%emt 0:01:15]} 36.
Kg2 {[%emt 0:00:04]} Re1 {[%emt 0:00:36]} 37. f4 {[%emt 0:00:59]} d3 {[%emt 0:
00:42]} 38. Rd8 {[%emt 0:00:07]} Rd1 {[%emt 0:00:07]} 39. Kf2 {[%emt 0:00:52]}
h5 {[%emt 0:00:47]} 40. Ke3 {[%emt 0:00:00]} Rg1 {[%emt 0:00:00]} 41. f5 {
[%emt 0:08:41]} Re1+ {[%emt 0:15:27]} 42. Kf4 {[%emt 0:00:18]} Rf1+ {[%emt 0:
00:56]} 43. Kg5 {[%emt 0:00:33]} Re1 {[%emt 0:01:06]} 44. Kxh5 {[%emt 0:05:12]}
Rxe5 {[%emt 0:03:04]} 45. Kg5 {[%emt 0:01:12]} f6+ {[%emt 0:05:18]} 46. Kf4 {
[%emt 0:00:17]} Ra5 {[%emt 0:00:38]} 47. Rxd3 {[%emt 0:00:18]} Ra4+ {[%emt 0:
00:18]} 48. Kf3 {[%emt 0:00:50]} Kg8 {[%emt 0:00:11]} 49. Rd8+ {[%emt 0:00:42]}
Kf7 {[%emt 0:00:15]} 50. Rd7+ {[%emt 0:00:08]} Kf8 {[%emt 0:01:01]} 51. Rd3 {
[%emt 0:03:42]} Ke7 {[%emt 0:02:54]} 52. Re3+ {[%emt 0:00:45]} Kf7 {[%emt 0:00:
33]} 53. Re4 {[%emt 0:00:10]} Ra1 {[%emt 0:00:32]} 54. Kg4 {[%emt 0:00:38]} Ra3
{[%emt 0:00:38]} 55. Rf4 {[%emt 0:04:22]} g6 {[%emt 0:01:47]} 56. fxg6+ {
[%emt 0:00:47]} Kxg6 {[%emt 0:00:03]} 57. Rb4 {[%emt 0:01:01]} Rc3 {[%emt 0:01:
01]} 58. Kf4 {[%emt 0:01:04]} Rc1 {[%emt 0:00:18]} 59. Rb5 {[%emt 0:04:36]}
Rc4+ {[%emt 0:00:50]} 60. Kf3 {[%emt 0:00:05]} Rc3+ {[%emt 0:00:22]} 61. Kg2 {
[%emt 0:01:16]} Ra3 {[%emt 0:00:09]} 62. Kh3 {[%emt 0:00:11]} Ra4 {[%emt 0:00:
55]} 63. h5+ {[%emt 0:00:41]} Kh6 {[%emt 0:00:22]} 64. g4 {[%emt 0:00:08]} Ra1
{[%emt 0:00:58]} 65. Rf5 {[%emt 0:02:04]} Kg7 {[%emt 0:00:23]} 66. Rf3 {
[%emt 0:00:11]} Rb1 {[%emt 0:00:34]} 67. Kg3 {[%emt 0:01:27]} Rb4 {[%emt 0:00:
30]} 68. Rd3 {[%emt 0:00:24]} Rb1 {[%emt 0:01:27]} 69. Rd7+ {[%emt 0:01:10]}
Kh6 {[%emt 0:00:58]} 70. Kf4 {[%emt 0:00:10]} Rf1+ {[%emt 0:00:53]} 71. Ke4 {
[%emt 0:00:05]} Rg1 {[%emt 0:00:47]} 72. Kf3 {[%emt 0:02:04]} Rf1+ {[%emt 0:00:
25]} 73. Kg2 {[%emt 0:00:04]} Rf4 {[%emt 0:00:20]} 74. Kg3 {[%emt 0:00:13]} Rf1
{[%emt 0:00:28]} 75. Rd3 {[%emt 0:02:27]} Kg7 {[%emt 0:00:22]} 76. Rc3 {
[%emt 0:00:30]} Ra1 {[%emt 0:00:40]} 77. Rc7+ {[%emt 0:00:34]} Kh6 {[%emt 0:00:
06]} 78. Kf4 {[%emt 0:00:29]} Rf1+ {[%emt 0:00:13]} 79. Ke4 {[%emt 0:00:28]}
Rg1 {[%emt 0:00:23]} 80. Kf4 {[%emt 0:00:32]} Rf1+ {[%emt 0:00:11]} 81. Kg3 {
[%emt 0:00:31]} Ra1 {[%emt 0:00:07]} 82. Rc8 {[%emt 0:00:31]} Kg7 {[%emt 0:00:
20]} 83. Re8 {[%emt 0:00:29]} Kf7 {[%emt 0:00:15]} 84. Re3 {[%emt 0:00:12]} Kg7
{[%emt 0:00:11]} 85. Kf4 {[%emt 0:00:22]} Rf1+ {[%emt 0:00:17]} 86. Rf3 {
[%emt 0:00:40]} Re1 {[%emt 0:00:11]} 87. Rd3 {[%emt 0:00:44]} Rf1+ {[%emt 0:00:
40]} 88. Ke4 {[%emt 0:00:15]} Rg1 {[%emt 0:01:20]} 89. Kf5 {[%emt 0:00:46]}
Rf1+ {[%emt 0:00:10]} 90. Ke6 {[%emt 0:00:30]} Re1+ {[%emt 0:00:28]} 91. Kf5 {
[%emt 0:00:31]} Rf1+ {[%emt 0:00:10]} 92. Ke4 {[%emt 0:00:29]} Rg1 {[%emt 0:00:
10]} 93. Kf3 {[%emt 0:00:32]} Ra1 {[%emt 0:00:23]} 94. Rd7+ {[%emt 0:00:30]}
Kh6 {[%emt 0:02:21]} 95. Rf7 {[%emt 0:00:08]} Rf1+ {[%emt 0:01:55]} 96. Ke4 {
[%emt 0:00:11]} Rf2 {[%emt 0:00:44]} 97. Ke3 {[%emt 0:01:08]} Rf1 {[%emt 0:00:
18]} 98. Ke4 {[%emt 0:00:32]} Rf2 {[%emt 0:00:15]} 99. Rd7 {[%emt 0:00:31]} Rf1
{[%emt 0:00:30]} 100. Ke3 {[%emt 0:00:30]} Rg1 {[%emt 0:00:23]} 101. Kf3 {
[%emt 0:00:22]} Ra1 {[%emt 0:00:16]} 102. Rf7 {[%emt 0:00:21]} Rf1+ {[%emt 0:
00:32]} 103. Ke3 {[%emt 0:00:03]} Kg5 {[%emt 0:01:31]} 104. Rg7+ {[%emt 0:00:
05]} Kh6 {[%emt 0:00:05]} 105. Rg6+ {[%emt 0:00:04]} Kh7 {[%emt 0:00:03]} 106.
Ke4 {[%emt 0:00:22]} Rf2 {[%emt 0:00:36]} 107. Kd5 {[%emt 0:00:06]} f5 {
[%emt 0:00:50]} 108. g5 {[%emt 0:00:00]} Rh2 {[%emt 0:00:47]} 109. Ke6 {
[%emt 0:00:00]} Rxh5 {[%emt 0:01:03]} 110. Kf7 {[%emt 0:00:00]} f4 {[%emt 0:00:
30]} 111. Rg7+ {[%emt 0:00:00]} Kh8 {[%emt 0:00:04]} 112. Rg8+ {[%emt 0:00:00]}
Kh7 {[%emt 0:00:15]} 113. g6+ {[%emt 0:00:00]} 1-0

[Event "FIDE WYCC 2016 U18 boys"]
[Site "Khanty Mansiysk"]
[Date "2016.09.24"]
[Round "3.10"]
[White "Dragnev, Valentin"]
[Black "Bayramov, Zaur"]
[Result "1-0"]
[WhiteElo "2430"]
[BlackElo "2297"]
[Annotator "Reinhold Goldau"]
[PlyCount "58"]
[EventDate "2016.09.??"]
[EventType "swiss"]
[EventRounds "11"]
[EventCountry "RUS"]
[SourceTitle "Youth Database"]
[Source "CBase R.Goldau"]
[SourceDate "2000.03.01"]

1. e4 g6 2. d4 Bg7 3. Nf3 c6 4. Nc3 d6 5. Bc4 Nf6 6. Bb3 Bg4 7. e5 dxe5 8.
Bxf7+ Kf8 9. Bb3 Bxf3 10. Qxf3 exd4 11. Ne2 e5 12. Ng3 Nbd7 13. Ne4 Ke7 14. Ng5
Nc5 15. Nf7 Qc7 16. Nxh8 Rxh8 17. O-O Nxb3 18. axb3 b6 19. Re1 Rd8 20. Bf4 Nh5
21. Qe4 Nxf4 22. Qxf4 a5 23. Rad1 c5 24. Qh4+ Kf7 25. Rd3 Kg8 26. Rh3 Bh8 27.
f4 Rd7 28. Qg4 Re7 29. fxe5 Bxe5 1-0

[Event "FIDE WYCC 2016 U18 boys"]
[Site "Khanty Mansiysk"]
[Date "2016.09.25"]
[Round "4.6"]
[White "Rakotomaharo, Fy Antenaina"]
[Black "Christiansen, Johan Sebastian"]
[Result "1-0"]
[WhiteElo "2439"]
[BlackElo "2413"]
[Annotator "Reinhold Goldau"]
[PlyCount "63"]
[EventDate "2016.09.??"]
[EventType "swiss"]
[EventRounds "11"]
[EventCountry "RUS"]
[SourceTitle "Youth Database"]
[Source "CBase R.Goldau"]
[SourceDate "2000.03.01"]

1. e4 e6 2. d4 d5 3. Nc3 Nf6 4. Bg5 Bb4 5. exd5 exd5 6. Qf3 Nbd7 7. Bd3 O-O 8.
Nge2 Re8 9. O-O-O c6 10. g4 b5 11. Rhg1 Be7 12. Ng3 b4 13. Nce2 c5 14. Nf5 Bf8
15. Nf4 Bb7 16. Nh5 Re6 17. Kb1 h6 18. Bxf6 Nxf6 19. Nf4 Re8 20. dxc5 Ne4 21.
Bxe4 dxe4 22. Qb3 Qf6 23. Nh5 Qg6 24. Nd6 Red8 25. Nf4 Qf6 26. Nd5 Qxf2 27. Nc7
Qxc5 28. Qxf7+ Kh8 29. Nf5 Rdc8 30. Nxa8 Qxc2+ 31. Ka1 Rxa8 32. Nh4 1-0

[Event "FIDE WYCC 2016 U18 boys"]
[Site "Khanty Mansiysk"]
[Date "2016.09.25"]
[Round "4.24"]
[White "Krykun, Yuriy"]
[Black "Gretz, Denis"]
[Result "1-0"]
[WhiteElo "2242"]
[BlackElo "2339"]
[Annotator "Reinhold Goldau"]
[PlyCount "85"]
[EventDate "2016.09.??"]
[EventType "swiss"]
[EventRounds "11"]
[EventCountry "RUS"]
[SourceTitle "Youth Database"]
[Source "CBase R.Goldau"]
[SourceDate "2000.03.01"]

1. e4 c5 2. Nf3 d6 3. Bb5+ Nd7 4. d4 cxd4 5. Qxd4 e5 6. Qd3 h6 7. c4 Ngf6 8.
Nc3 Be7 9. O-O O-O 10. Bxd7 Bxd7 11. a4 Be6 12. b3 Nd7 13. Ba3 a6 14. Rfd1 Qa5
15. Nd2 Rac8 16. Nf1 Nc5 17. Qc2 Qb6 18. Rab1 f5 19. Bxc5 Qxc5 20. Ne3 g6 21.
Qd3 f4 22. Ned5 Bh4 23. Rb2 Rf7 24. Rc2 h5 25. Na2 b5 26. axb5 axb5 27. Rdd2
bxc4 28. Rxc4 Qa7 29. Rxc8+ Bxc8 30. b4 Be6 31. Nac3 Qa1+ 32. Qf1 Qxf1+ 33.
Kxf1 Bd8 34. Ra2 Rc7 35. Nxc7 Bxa2 36. Nxa2 Bxc7 37. Nc3 Kf7 38. Nd5 Bb8 39.
Ke2 Ke6 40. Kd3 Kd7 41. Kc4 g5 42. f3 Ke6 43. Kb5 1-0

[Event "FIDE WYCC 2016 U18 boys"]
[Site "Khanty Mansiysk"]
[Date "2016.09.26"]
[Round "5.6"]
[White "Plenca, Jadranko"]
[Black "Rahman, Adel"]
[Result "1/2-1/2"]
[WhiteElo "2396"]
[BlackElo "2324"]
[Annotator "Reinhold Goldau"]
[PlyCount "72"]
[EventDate "2016.09.??"]
[EventType "swiss"]
[EventRounds "11"]
[EventCountry "RUS"]
[SourceTitle "Youth Database"]
[Source "CBase R.Goldau"]
[SourceDate "2000.03.01"]

1. e4 c5 2. Nf3 d6 3. Bb5+ Nd7 4. c3 Ngf6 5. Qe2 a6 6. Ba4 b5 7. Bc2 Bb7 8. d4
g6 9. a4 Bg7 10. e5 Bxf3 11. gxf3 dxe5 12. dxe5 Nd5 13. e6 fxe6 14. axb5 axb5
15. Rxa8 Qxa8 16. Qxb5 Nc7 17. Qa4 Qxf3 18. Be4 Qg4 19. h3 Qh4 20. Bf4 Nd5 21.
Bxd5 exd5 22. Qa8+ Nb8 23. Qxb8+ Kf7 24. Qc7 Bh6 25. Qe5 Qxf4 26. Qxd5+ e6 27.
Qd7+ Kf6 28. O-O Rb8 29. Re1 Qg5+ 30. Kf1 Qd5 31. Qxd5 exd5 32. Re2 Bc1 33. b4
d4 34. Rc2 dxc3 35. Nxc3 Ba3 36. Nd5+ Kf5 1/2-1/2

[Event "FIDE WYCC 2016 U18 boys"]
[Site "Khanty Mansiysk"]
[Date "2016.09.26"]
[Round "5.26"]
[White "Georgiev, Todor"]
[Black "Kenenbaev, Aidar"]
[Result "1-0"]
[WhiteElo "2197"]
[BlackElo "2143"]
[Annotator "Reinhold Goldau"]
[PlyCount "107"]
[EventDate "2016.09.??"]
[EventType "swiss"]
[EventRounds "11"]
[EventCountry "RUS"]
[SourceTitle "Youth Database"]
[Source "CBase R.Goldau"]
[SourceDate "2000.03.01"]

1. d4 Nf6 2. c4 g6 3. Nc3 Bg7 4. e4 d6 5. f3 O-O 6. Be3 c5 7. Nge2 cxd4 8. Nxd4
Nc6 9. Be2 Bd7 10. Qd2 a6 11. O-O Rb8 12. a4 Re8 13. Rab1 Nb4 14. Rfd1 Rc8 15.
Nb3 Qc7 16. Rbc1 Qb8 17. Nd4 Red8 18. h3 Kh8 19. b3 e5 20. Nc2 Nxc2 21. Rxc2
Be6 22. f4 Bh6 23. Rf1 exf4 24. Bd4 Bg7 25. Rxf4 Nd7 26. Bxg7+ Kxg7 27. Rh4 Kg8
28. Qh6 Nf8 29. Bg4 Qa7+ 30. Rf2 Rc7 31. Bxe6 fxe6 32. Rhf4 Rg7 33. Qg5 Re8 34.
e5 dxe5 35. Qxe5 Nd7 36. Qd6 Qc5 37. Ne4 Qxd6 38. Nxd6 Rb8 39. Rf7 Ne5 40.
Rxg7+ Kxg7 41. Re2 Kf6 42. Ne4+ Kf5 43. g4+ Kf4 44. Nc5 Nc6 45. Kf2 Kg5 46.
Rxe6 Kh4 47. Kg2 Rd8 48. Re2 Na5 49. g5 Rd1 50. Ne6 Nxb3 51. Re4+ Kh5 52. Rg4
Rd2+ 53. Kf1 Rd1+ 54. Kf2 1-0